Wordt geladen...

Love and intimate relationships: journeys of the heart

Bibliografische gegevens
Hoofdauteurs: Amatea, Ellen S; Author, Brown, Norman M; Author
Formaat: Printed Book
Gepubliceerd in: London, Routledge 2000
Onderwerpen:
LEADER 006770000a22002290004500
020 |a 0-87630-979-1 
082 |a 306.7 P0 
100 |a Amatea, Ellen S; Author 
100 |a Brown, Norman M; Author 
245 |a Love and intimate relationships: journeys of the heart 
250
260 |a London, Routledge  |e 2000 
260 |c 2000 
460 |a xxii,618 
465 |a P.26.95 
467 |a H.B 
500 |a Norman M Brown and Ellen S Amatea 
650 |a Intimacy(Psychology) 
650 |a Love 
942 |c BK 
999 |c 30357  |d 30357 
952 |0 0  |1 0  |4 0  |6 306_700000000000000_P0  |7 0  |8 ENG  |9 30354  |a MGUL  |b MGUL  |d 2013-07-16  |e P.26.95  |l 0  |o 306.7 P0  |p 31010  |r 2013-07-16  |w 2013-07-16  |y BK